000 01231nam a2200433 4500
001 011950
003 DO-SdBPM
005 20250108105335.0
007 011950
008 091022s1996 sp 089 g 1v cat
015 _a
017 _a
_b
020 _a8422659425
035 _a
040 _aDO-SdBPM
_bspa
_cBPMSU
_e
082 4 _a823.91
_bK52b 1996
_222
100 1 _4King-Smith, Dick
_d1922 –2011
240 _a The sbeep pig
245 1 0 _aBabe, el cerdito valiente /
_cDick King-Smith ; traducción de Esther Gómez Parro ; ilustraciones de Mary Rayner
_h
260 _aBarcelona :
_bEmecé Editores,
_c 1996
_b
300 _a137 p. :
_bil. ;
_c26
490 0 _aCírculo de lectores
500 _a
500 _a
546 _a
590 _aInventariado, 2025/VM
650 4 _aCuentos juveniles ingleses
650 4 _aCerdos
_xHábitos y conducta
_vCuentos juveniles.
650 4 _aInteligencia animal
_v Cuentos juveniles.
700 1 _aGómez, Parro Esther
_etraductor
_d
700 1 _aRayner, Mary
_eilustración
_d
700 1 _a
700 1 _a
_c
700 1 _a
_d
700 1 _a
_d
700 1 _a
_d
910 _aVMateo V. Control de calidad. BPMSU
942 _2ddc
_cBK
999 _c9590
_d9590